000 00412nam a22001457a 4500
999 _c15528
_d15528
003 OSt
008 180917b ||||| |||| 00| 0 eng d
020 _a812190515X
082 _a621.3
_bTHE/TE
100 _aTheraja, B.L
_93294
245 _aTextbook of electrical technology, Vol 1 Basic electrical engineering
260 _aNew Delhi
_bNirja construction and development
_c1995
300 _a1-592
942 _cBBS